000 00307nam a22001337a 4500
008 170614b xxu||||| |||| 00| 0 eng d
020 _a9780078050107
041 _aeng
080 _215 ED
_a32
100 _a19
101 _aSHP
245 _aTAKING SIDES WORLD POLITICS
_cROURKE.J.T
942 _2udc
_cBK
999 _c17261
_d17261